Donald Trump, Donald Duck ou les deux ? - Statistiques

Statistiques générales
  • Ce quiz a été pris 278 fois
  • Le résultat moyen est 8 sur 15
Statistiques - réponses
Question Réponse % Correct
Est un canard Duck
93%
Est né aux États-Unis les deux
92%
Apparaît dans une série les deux
89%
Porte rarement un froc Duck
81%
A la peau orange Trump
79%
Est un Pékin Duck
61%
A une houpette les deux
58%
A rencontré Ronald Reagan les deux
42%
Est surnommé "The Donald" Trump
39%
A un parfum à son nom les deux
38%
Est né en juin les deux
33%
A un astéroïde à son nom Duck
32%
A déjà été aperçu lisant Mein Kampf Duck
24%
Est né dans les années 40 Trump
21%
A déjà été aperçu dans un camion-poubelle Trump
15%
Aucun quiz correspondant
Distribution des résultats
% des personnes avec chaque résultat
Percentile par nombre de réponses
Votre historique - résultats
Vous n’avez pas pris ce quiz